| 000 | 00750nam a22002531 4500 | ||
|---|---|---|---|
| 001 | 26295 | ||
| 003 | BD-RjUL | ||
| 005 | 20211209051009.0 | ||
| 008 | 140322s1919 enkab 001 0 eng | ||
| 035 | _a(BD-RjUL)26365 | ||
| 035 | _a(OCoLC)3881028 | ||
| 040 |
_aDLC _cMnStclS _dOCoLC _dDLC _beng |
||
| 041 | _aeng | ||
| 082 | 0 | 0 |
_a952 _bPOJ 1919 |
| 100 | 1 |
_aPorter, Robert P. _q(Robert Percival), _d1852-1917. _980852 |
|
| 245 | 1 | 0 |
_aJapan : _b the rise of a modern power / _cby Robert P. Porter. |
| 260 |
_aOxford ; _bClarendon Press, _c1919. |
||
| 300 |
_axi, 361, [1] p. : _billus., maps (2 fold.) ; _c20 cm. |
||
| 504 | _aIncludes index. | ||
| 651 | 0 |
_aJapan _xHistory. _980853 |
|
| 942 |
_2ddc _cBK |
||
| 999 |
_c26295 _d26295 |
||